[Event "Kelowna Harvest"]
[Site "Kelowna"]
[Date "2001.10.20"]
[Round "3"]
[White "Bishop, Greg"]
[Black "Phonchiangkwong, Sumon Chai"]
[Result "0-1"]
[WhiteElo "1772"]
[BlackElo "1462"]
[PlyCount "116"]
[EventDate "2001.10.20"]
[EventType "swiss"]
[EventRounds "5"]
[EventCountry "CAN"]
[SourceTitle "EXT 2022"]
[Source "ChessBase"]
[SourceDate "2021.10.06"]
[SourceVersion "1"]
[SourceVersionDate "2021.10.06"]
[SourceQuality "1"]

1. d4 d5 2. Bg5 Bf5 3. e3 Nf6 4. Nf3 e6 5. c4 Be7 6. Bxf6 Bxf6 7. Qb3 b6 8. Nc3 dxc4 9. Bxc4 0-0 10. h3 Nc6 11. Rd1 Na5 12. Qa4 c6 13. Bd3 b5 14. Qc2 Bxd3 15. Rxd3 Nc4 16. 0-0 Nd6 17. Re1 b4 18. Na4 Rc8 19. Nc5 a5 20. e4 Nb5 21. e5 Be7 22. Re4 Bxc5 23. dxc5 Qe7 24. Rg4 Nc7 25. Ng5 g6 26. h4 Nd5 27. Ne4 f5 28. exf6 Nxf6 29. Nxf6+ Rxf6 30. h5 Kg7 31. Rdg3 Rcf8 32. hxg6 h6 33. f3 Rf5 34. Rc4 Qc7 35. Rgg4 h5 36. Rge4 Qg3 37. f4 Qxg6 38. Qe2 R8f6 39. Qf3 Rd5 40. Kh2 Rd2 41. Re2 Rd3 42. Re3 Rxe3 43. Qxe3 Qg4 44. Qg3 Rg6 45. Qxg4 Rxg4 46. g3 h4 47. gxh4 Rxh4+ 48. Kg2 Rg4+ 49. Kf3 Rg1 50. a3 b3 51. Re4 Kf6 52. Ra4 Rb1 53. Rxa5 Rxb2 54. Ke3 Re2+ 55. Kxe2 b2 56. Ra4 b1Q 57. Kd2 Qb2+ 58. Ke3 Qb3+ 0-1